000 00542nam a2200193Ia 4500
003 OSt
005 20220107122744.0
008 130318s9999 xx 000 0 und d
020 _a9788177229851
040 _cIIITM-K
082 _a658.404 KOG/P
100 _aKogent Learning Solutions
_94942
245 _aProject management:
_bInterview questions
_cby Kogent Learning Solutions
260 _bDreamtech Press,
_aNew Delhi,
_c2011.
300 _a122p.
650 _aMANAGEMENT
_94943
650 _aPROJECT MANAGEMENT
_94944
942 _2ddc
_cBK
999 _c4086
_d4086